Hero folklore of shimla district / (Record no. 157069)

MARC details
000 -LEADER
fixed length control field 00537nam a22001817a 4500
005 - DATE AND TIME OF LATEST TRANSACTION
control field 20180926163432.0
010 ## - LCCN (DPL NO)
LC control number ENG-123983
020 ## - INTERNATIONAL STANDARD BOOK NUMBER
International Standard Book Number 9788173414657
Terms of availability 350.00
035 ## - SYSTEM CONTROL NUMBER
System control number EN-107515
037 ## - SOURCE OF ACQUISITION
Source of stock number/acquisition DBAD/PUB
082 ## - DEWEY DECIMAL CLASSIFICATION NUMBER
Classification number 398.2095415
100 ## - MAIN ENTRY--PERSONAL NAME
Personal name Som Ranchan
245 ## - TITLE STATEMENT
Title Hero folklore of shimla district /
Statement of responsibility, etc by Som Ranchan
260 ## - PUBLICATION, DISTRIBUTION, ETC. (IMPRINT)
Place of publication, distribution, etc Delhi
Name of publisher, distributor, etc Indian Publishers' Distributors
Date of publication, distribution, etc 2012
270 ## - ADDRESS
City Delhi
Postal code 110007
Address 166-D, Kamla Nagar,
300 ## - PHYSICAL DESCRIPTION
Extent ix,137p
Dimensions 21cm.(Hb.)
942 ## - ADDED ENTRY ELEMENTS (KOHA)
Source of classification or shelving scheme Dewey Decimal Classification
Item type English Books
Classification part 398.2095415
Call number suffix SOM
Holdings
Withdrawn status Lost status Not for loan Collection code Home library Current library Date acquired Source of acquisition Cost, normal purchase price Full call number Barcode Copy number Cost, replacement price Koha item type
    Not For Loan Non-fiction D.B.Act.Division Sarojini Nagar 06/09/2018 DBAD/PUB 350.00 398.2095415 SOM EN-107515 1 350.00 English Books

© Delhi Public Library
Hit Counter
free hit counter